Szczegóły MARC21

The age of Shakespeare /

003 -Nazwa inst., której nr kontr. jest w polu 001 [,]
    • @
    • Nazwa instytucji, której n kontrolny jest w polu 001
    • NUKAT
005 -DATA I CZAS OSTATNIEJ MODYFIKACJI [,]
    • @
    • pole kontrolne
    • 20241231092112.0
020 -Międzynarod. znormalizowany nr książki - ISBN [ , ]
    • a
    • Numer ISBN
    • 0140222650 Find
040 -Instytucja sporządzająca opis [ , ]
    • a
    • Instytucja, która sporządziła opis (NP)
    • WA U/51DT
    • c
    • Instytucja, która sporządziła rekord (NP)
    • WA U/DT
    • d
    • Instytucja, która zmodyfikowała rekord (P)
    • WA U/KOW
    • d
    • Instytucja, która zmodyfikowała rekord (P)
    • Ł U/ASs
942 -Rodzaj dokumentu [ , ]
    • c
    • Rodzaj dokumentu
    • Książka
245 -Strefa tytułu i oznaczenia odpowiedzialności [0,4]
    • a
    • Tytuł
    • The age of Shakespeare / Find
    • c
    • Pozostałe elementy strefy tytułu i oznaczenia odpowiedzialności (NP)
    • ed. by Boris Ford.
250 -Strefa wydania [ , ]
    • a
    • Oznaczenie wydania (NP)
    • Rev. and expanded ed.
260 -Strefa adresu wydawniczego [ , ]
    • a
    • Miejsce wydania (P)
    • London :
    • b
    • Nazwa wydawcy (P)
    • Penguin Books,
    • c
    • Data wydania (P)
    • 1982.
300 -Strefa opisu fizycznego [ , ]
    • a
    • Określenie formy książki i/lub objętość (NP)
    • 576 s. ;
    • c
    • Format (NP)
    • 18 cm.
336 -Typ zawartości [ , ]
    • a
    • Termin opisujący typ zawartości
    • Tekst
    • b
    • Kod określający zawartość
    • txt
    • 2
    • Źródło (terminu i kodu)
    • rdacontent
337 -Typ mediów [ , ]
    • a
    • Tryb odtwarzania
    • Bez urządzenia pośredniczącego
    • b
    • Kod typu mediów
    • n
    • 2
    • Źródło (terminu i kodu)
    • rdamedia
338 -Typ/rodzaj nośnika [ , ]
    • a
    • Hasło opisujące typ nośnika
    • Wolumin
    • b
    • Kod typu nośnika
    • nc
    • 2
    • Źródło (terminu i kodu)
    • rdacarrier
490 -Strefa serii i książki wielotomowej - forma nie do wyszukiwania [1, ]
    • a
    • Tytuł (P)
    • The New Pelican Guide to English Literature ; Find
    • v
    • Numeracja (P)
    • 2
830 -Hasło dodatkowe serii i opisu książki wielotomowej - tytuł ujednolicony/tytuł [ ,4]
    • a
    • Tytuł ujednolicony/tytuł (NP)
    • The New Pelican Guide to English Literature
    • v
    • Oznaczenie tomu (NP)
    • 2
    • 9
    • KHW
    • 522533
504 -Uwaga dot. bibliogr. załącznikowej [ , ]
    • a
    • Uwaga dot. bibliografii załącznikowej
    • Bibliogr. s. 501-564. Indeks.
650 -Hasło przedmiotowe [ ,7]
    • a
    • Hasło przedmiotowe
    • Literatura angielska
    • y
    • Określnik chronologiczny
    • 16 w.
    • x
    • Określnik rzeczowy
    • historia i krytyka.
    • 2
    • Źródło terminu
    • kaba
    • 9
    • KHW
    • 407896
650 -Hasło przedmiotowe [ ,7]
    • a
    • Hasło przedmiotowe
    • Literatura angielska
    • y
    • Określnik chronologiczny
    • 17 w.
    • x
    • Określnik rzeczowy
    • historia i krytyka.
    • 2
    • Źródło terminu
    • kaba
    • 9
    • KHW
    • 412268
700 -Hasło dodatkowe - nazwa osobowa [1, ]
    • a
    • Nazwa osobowa (NP)
    • Ford, Boris Find
    • d
    • Daty biograficzne (NP)
    • (1917-1998).
    • e
    • Określenie rodzaju współpracy
    • Red.
    • 9
    • KHW
    • 420727
920 -ISBN [ , ]
    • a
    • ISBN
    • 0-14-022265-0 Find
Data inwentaryzacji Lokalizacja Numer inwentarzowy Sygnatura Status udost.
1999-03-10BMA.242ANG. Literatura angielska 161